000 00535nam a2200229Ia 4500
008 210210b2011 xxu||||| |||| 00| 0 eng d
020 _a8121930960
041 _aeng
082 _a657 TULT
100 _aTULSIAN (P C)
245 _aTulsians accountancy for CA-IPCC: group I
260 _aNew Delhi
_bS. Chand & Co. Ltd.
_c2011
300 _ax-19.70
650 _aTulsians
650 _aI
650 _agroup
650 _afor
650 _aCA-IPCC:
650 _aaccountancy
690 _aAccountancy
906 _a066140
999 _c146522
_d146522